Algebra and trigonometry : a functions aproach /
Saved in:
| Main Author: | |
|---|---|
| Other Authors: | |
| Format: | Book |
| Language: | English |
| Published: |
Reading, Mass. :
Addison-Wesley Pub. Co.,
c1978.
|
| Edition: | 2nd ed. |
| Subjects: | |
| Tags: |
No Tags, Be the first to tag this record!
|
MARC
| LEADER | 00000cam a2200000 i 4500 | ||
|---|---|---|---|
| 001 | 0000031951 | ||
| 005 | 20171002020519.0 | ||
| 008 | 780620s1978 maua 00110 eng | ||
| 010 | |a 77079461 | ||
| 020 | |a 0201038706 | ||
| 035 | |a 77079461 | ||
| 040 | |a Daystar |d BNjogu | ||
| 050 | 0 | 0 | |a QA154.2 |b .K43 1978 |a QA154.2 |b .K43 |
| 082 | 0 | |a 512/.13 | |
| 100 | 1 | 0 | |a Keedy, Mervin Laverne. |
| 245 | 1 | 0 | |a Algebra and trigonometry : |b a functions aproach / |c Mervin L. Keedy, Marvin L. Bittinger. |
| 250 | |a 2nd ed. | ||
| 260 | 0 | |a Reading, Mass. : |b Addison-Wesley Pub. Co., |c c1978. | |
| 300 | |a xvi, 652, 59, 4 p. : |b ill. ; |c 28 cm. | ||
| 500 | |a Includes index. | ||
| 650 | 0 | |a Algebra. | |
| 650 | 0 | |a Trigonometry. | |
| 700 | 1 | 0 | |a Bittinger, Marvin L., |e joint author. |
| 908 | |a 060724 | ||
| 942 | |c G | ||
| 952 | |0 0 |1 0 |4 0 |6 QA_154_200000000000000_K43_1978 |7 0 |9 29878 |a DUA |b DUA |c OS |d 2017-09-28 |l 0 |o OS QA154.2.K43 1978 |p BK022328 |r 2017-09-28 00:00:00 |t c. |w 2017-09-28 |x 34813 |y G | ||
| 999 | |c 19002 |d 19002 | ||